Movie Titles Said in Movie III Quiz Stats

 Plays Quiz Updated Aug 12, 2013

     
Support Sporcle.
Go Orange.
Score 0/34 Timer 08:00
0 Plays Today
% Correct
Rocky Balboa
91.3%
Gladiator
90.8%
A Beautiful Mind
90.7%
The Matrix
90.6%
Face|Off
90.3%
Accepted
90%
Hercules
89.2%
Casino Royale
88.8%
Wrongfully Accused
88.8%
Raging Bull
88.3%
My Cousin Vinny
87.6%
Taken
83.9%
Cool Runnings
83.5%
Goodfellas
83.3%
In Bruges
82.6%
Inception
82.4%
Dogma
82.3%
% Correct
Jarhead
79.4%
Labyrinth
79.4%
The Perfect Storm
78.9%
Zombieland
78.3%
Sunset Blvd.
78%
The Sword in the Stone
77.2%
The Longest Day
76.9%
Muppet Christmas Carol
76.3%
As Good As It Gets
75.5%
Shutter Island
74.7%
Total Recall
71.8%
End of Days
70.2%
Hot Tub Time Machine
65.7%
Flash Gordon
65.5%
Ghost Rider
58.5%
Kick-Ass
53.8%
The Departed
35.3%

From the Vault

Presidential Ticket Checklist

by rockgolf

History 5m
Checklists would be good for figuring out who to vote for, huh? Also vote.
Remove Ads.
Support Sporcle.
Get the best of Sporcle when you Go Orange. This ad-free experience offers more features, more stats, and more fun while also helping to support Sporcle. Thank you for becoming a member.

Show Comments

Extras

Top Quizzes Today


Score Distribution

Your Account Isn't Verified!

In order to create a playlist on Sporcle, you need to verify the email address you used during registration. Go to your Sporcle Settings to finish the process.

Report this User

Report this user for behavior that violates our Community Guidelines.

Details: